| 000 | 00717nam a22002057a 4500 | ||
|---|---|---|---|
| 999 |
_c15665 _d15665 |
||
| 003 | AR-CdUCM | ||
| 008 | 190429b ||||| |||| 00| 0 spa d | ||
| 040 |
_aMUNICIPALIDAD PROVINCIAL DEL CUSCO _cBIBLIOTECA MUNICIPAL DEL CUSCO |
||
| 082 |
_aC / 730 / _bA79 |
||
| 110 |
_aAsociación de artistas plásticos del Cusco _916291 |
||
| 245 | _aSalón de arte contemporáneo cusqueño 1978 / | ||
| 260 |
_aCusco : _bAsociación de artistas plásticos del Cusco, _c1978. |
||
| 300 |
_a44 páginas ; _bIlustraciones, _c22 cm. |
||
| 505 | _aContenido: Arte cuzqueño. | ||
| 650 |
_aArte contemporáneo _913631 |
||
| 650 |
_aSalón de arte _934809 |
||
| 650 |
_aCusco _9772 |
||
| 942 |
_2ddc _cLIBROS |
||
| 945 |
_aacv _d2019-04-29 |
||